000 00430nam a2200145Ia 4500
008 211109s9999||||xx |||||||||||||| ||und||
082 _a894.8123
_bPAN-K
100 _aPanicker, K M
245 0 _aKeralasimham
260 _bD c Books
_aKottayam
_c1911
300 _a203p
630 _xGeneral Stack
650 _aLiterature & rhetoric
_vLiteratures of other languagesMalayalam literatureMalayalam Novel
_xGeneralia
942 _cBOOK
999 _c16213
_d16213